00429nam a2200181Ia 4500003000400000005001700004008004100021020001900062040000700081041000800088082001300096100002300109245003700132260004800169300000900217650001200226700000900238OSt20250805144248.0250729s2005 xx 000 0 und d a978-8171419166 cAL aeng a640 SESM aSheshaiah ponnamma aMethods of teaching home science aNew DelhibDiscovery Publishing Housec2005 a317p aScience aRama